Reina y madre: explicación del catecismo de la santísima virgen

Saved in:
Bibliografiske detaljer
Format: Bog
Sprog:spansk
Udgivet: Barcelona F.T.D 1929
Udgivelse:1a. ed
Fag:
Tags: Tilføj Tag
Ingen Tags, Vær først til at tagge denne postø!

MARC

LEADER 00000cam a2200000 a 4500
001 UCD0832
003 CL-VaPUC
008 151218e19290000sp |||||||||||||||||spa|d
082 0 4 |a 268  |b REI  |2 21 
245 1 0 |a Reina y madre: explicación del catecismo de la santísima virgen 
250 |a 1a. ed 
300 |a 487 p 
942 |c BK 
945 |d 20151218 14:15:00  |a gsalatino 
260 |a Barcelona  |b F.T.D  |c 1929 
600 0 |a Virgen María   |9 314204 
650 0 |a Catecismo  |9 333878 
650 0 |a Sacramentos   |9 257270 
650 0 |a Confirmación   |9 255060 
583 |a last modification  |c 20151218 14:15:00  |k Rodrigo Vera 
999 |c 362269  |d 362267 
952 |0 0  |1 0  |3 erd  |4 0  |6 268_000000000000000_REI_1929  |7 0  |8 P  |9 473321  |a BIBTEO  |b BIBTES  |c TEO_FTES  |i 5273676  |o 268 REI 1929  |p 5273676  |r 2024-01-18  |w 2019-11-24  |y BK  |z Catalogado en:20151218  |k ICR